Disney movies - Statistics

General Stats
  • This quiz has been taken 72 times
    60 since last reset
  • The average score is 10 of 15
Answer Stats
Hint Answer % Correct
Glass slipper Cinderella
100%
Sleep Sleeping beauty
100%
Dwarves Snow white
100%
Deer Bambi
95%
Flying carpet Aladdin
93%
Lion Lion king
90%
Big ears Dumbo
85%
Bears Brave
60%
Spaniel and mutt Lady and the Tramp
60%
Fish tails The little mermaid
60%
Lies Pinocchio
53%
Black and white 101 Dalmatians
38%
Orange kitten Oliver and company
38%
Micro bots Big hero six
23%
Cats The aristocrats
20%
No matching quizzes found
Score Distribution
Percent of People with Each Score
Percentile by Number Answered
Your Score History
You have not taken this quiz since the last reset